Reserva forestal protectora nacional cuenca alta del Caño Alonso, Departamento del Cesar: (Registro nro. 20124)

Detalles MARC
000 -CABECERA
Campo de control 00606nam a22001697a 4500
005 - FECHA Y HORA DE LA ULTIMA TRANSACCION
Campo de control 20180322152935.0
008 - ELEMENTOS DE LONGITUD FIJA—INFORMACION GENERAL
Campo de control 180322b ck ||||| |||| 00| 0 spa d
040 ## - FUENTE DE CATALOGACIÓN
Agencia catalogadora original CO-BoIAVH
Agencia transcriptora CO-BoIAVH
041 ## - IDIOMA
Código de idioma para texto/pista de sonido o título separado Español
044 ## - PAÍS DE PUBLICACIÓN
País de publicación Colombia
090 ## - CLASIFICACIÓN LOCAL
Colección FG-
Consecutivo 0265
110 2# - ASIENTO PRINCIPAL--NOMBRE CORPORATIVO
Nombre corporativo o de jurisdicción como elemento de entrada Colombia.
Unidad subordinad Corporación Autónoma Regional del César Corpocesar
9 (RLIN) 90699
245 10 - MENCION DE TITULO
Título Reserva forestal protectora nacional cuenca alta del Caño Alonso, Departamento del Cesar:
Parte restante del título lineamientos de manejo
260 ## - PUBLICACION, DISTRIBUCION, ETC. (PIE DE IMPRENTA)
Lugar de publicación, distribución, etc. Valledupar:
Nombre del editor, distribuidor, etc. Corpocesar,
Fecha de publicación, distribución, etc. 2014.
300 ## - DESCRIPCION FISICA
Extensión 31 páginas,
Otros detalles físicos fotografías, tablas y mapas a color,
942 ## - ELEMENTOS ADICIONALES (KOHA)
Sistema de clasificación Local
Tipo de ítem Folleto
Existencias
Withdrawn status Lost status Sistema de Clasificación Damaged status No para préstamo Colección Ubicación Permanente Ubicación actual Fecha de adquisición Total Checkouts Número topográfico Inventario / Código de Barras Date last seen Ejemplar Price effective from Forma de adquisición Tipo de material
    Local     Hemeroteca Bogotá Bogotá 22/03/2018   FG-0265 043532 22/03/2018 Ej. 1 22/03/2018 Canje Folleto